Multiple-Choice-Stadtquiz Hildesheim - Statistiken

Allgemein
  • Dieses Quiz wurde 28 mal gespielt
  • Das Durchschnittsergebnis liegt bei 7 aus 10
Antwortstatistiken
Frage Antwort % Korrekt
An welchem Fluss liegt die Stadt? die Innerste
100%
In welchem Bundesland liegt Hildesheim? Niedersachsen
100%
Wie alt ist die Rose, die neben der Kathedrale wächst, schätzungsweise? über 1000
96%
Das Ereignis, das die größten Zerstörungen in der Geschichte der Stadt verursacht hat, war Zweiter Weltkrieg
93%
Wie hieß der Bischof der Stadt, der später heilig gesprochen wurde? Bernward von Hildesheim
85%
Welches dieser romanischen Bauwerke ist die St.-Michael-Kirche?
78%
Welches dieser Objekte in der Stadt ist nicht in die Liste des UNESCO-Weltkulturerbes aufgenommen worden? Tausendjährige Rose
59%
In welchem Jahrhundert wurde der Schatz von Hildesheim gefunden? XIX
37%
Welcher der folgenden Nobelpreisträger wurde in Hildesheim geboren? Hans Adolf Krebs
33%
Wie viele Stadtteile hat es? 19
26%
Keine übereinstimmenden Quizze gefunden
Verteilung der Resultate
Anzahl Personen mit jedem Resultat
Perzentil nach korrekt beantworteten Fragen
Ihre Resultats-Entwicklung
Sie haben dieses Quiz noch nicht gespielt